000 01789cam a2200373 i 4500
999 _c1883
_d1883
001 19419602
003 OSt
005 20230214081647.0
008 161227s2017 miu b 001 0 eng
010 _a 2016058627
020 _a9781534100404 (paperback)
020 _z9781634729512 (PDF)
040 _aDLC
_beng
_cDLC
_erda
_dDLC
_dKH8
042 _apcc
043 _ar------
_at------
082 0 0 _a551.50911 ORR
_223
100 1 _aOrr, Tamra,
_eauthor.
245 1 0 _aPolar vortex and climate change /
_cTamra B. Orr.
264 1 _aAnn Arbor :
_bCherry Lake Publishing,
_c2017.
300 _a32 pages :
_bcolor illustrations ;
_c25 cm.
336 _atext
_btxt
_2rdacontent
337 _aunmediated
_bn
_2rdamedia
338 _avolume
_bnc
_2rdacarrier
490 0 _aA modern perspectives book
504 _aIncludes bibliographical references and index.
505 0 _aJulianna Parker, college student -- Jackson Miller, New Yorker -- Christopher Williams, coal miner -- Look, look again -- Glossary.
520 2 _a"This book relays the factual details of the 2014 polar vortex and climate change. The narrative provides multiple accounts of the event, and readers learn details through the point of view of a college student, New Yorker, and coal miner. The text offers opportunities to compare and contrast various perspectives while gathering and analyzing information about a modern event"--
_cProvided by publisher.
650 0 _aPolar vortex
_vJuvenile literature.
650 0 _aClimatic changes
_vJuvenile literature.
650 0 _aWinter
_xHistory
_y21st century
_vJuvenile literature.
906 _a7
_bcbc
_corignew
_d1
_eecip
_f20
_gy-gencatlg
942 _2ddc
_cNFIC